| 000 | 00626nam a22002297a 4500 | ||
|---|---|---|---|
| 003 | UA-OsUOA | ||
| 001 | 91455 | ||
| 007 | ta | ||
| 008 | 20121128b un ||||| |||| 00| 0 ukr d | ||
| 100 | _aСмілянський Л. | ||
| 090 |
_a821.161.2 _bС50 |
||
| 942 | _cBK | ||
| 040 |
_aUA-OsUOA _bukr _cUA-OsUOA _dUA-OsUOA |
||
| 245 |
_aТвори _bоповідання, повісті, п'єси |
||
| 300 | _a732 с. | ||
| 955 | _a3 | ||
| 041 | _aukr | ||
| 080 | _a821.161.2 | ||
| 260 |
_aК. _bДержавне видавництво художньої літератури _c1957 |
||
| 650 | 7 | _2UDC | |
| 999 |
_c377714 _d377714 |
||